Energy everywhere : (Record no. 7719)

MARC details
000 -LEADER
fixed length control field 01047nam a22003017a 4500
001 - CONTROL NUMBER
control field 7719
003 - CONTROL NUMBER IDENTIFIER
control field FISKH
005 - DATE AND TIME OF LATEST TRANSACTION
control field 20250827131045.0
008 - FIXED-LENGTH DATA ELEMENTS--GENERAL INFORMATION
fixed length control field 250801b cb ||||| |||| 00| 0 eng d
020 ## - INTERNATIONAL STANDARD BOOK NUMBER
International Standard Book Number 9781595155535
040 ## - CATALOGING SOURCE
Original cataloging agency FISKH
Language of cataloging eng
Transcribing agency FISKH
Modifying agency FISKH
050 ## - LIBRARY OF CONGRESS CALL NUMBER
Classification number TJ163 .W49
082 ## - DEWEY DECIMAL CLASSIFICATION NUMBER
Classification number 531.6
100 ## - MAIN ENTRY--PERSONAL NAME
Personal name Whitehouse, Patty
245 ## - TITLE STATEMENT
Title Energy everywhere :
Remainder of title Contruction forces /
Statement of responsibility, etc. Patty Whitehouse
250 ## - EDITION STATEMENT
Edition statement This edition first published in 2007
260 ## - PUBLICATION, DISTRIBUTION, ETC.
Place of publication, distribution, etc. North Mankato :
Name of publisher, distributor, etc. Rourke,
Date of publication, distribution, etc. 2007
300 ## - PHYSICAL DESCRIPTION
Extent 24 pages :
Other physical details color illustrations ;
Dimensions 21 cm
505 ## - FORMATTED CONTENTS NOTE
Formatted contents note G<br/>
520 ## - SUMMARY, ETC.
Summary, etc. Photographs and simple text describe how energy is used at construction sites including how it moves machines, how workers use various tools, and the energy it takes to make trucks go.<br/>
521 8# - TARGET AUDIENCE NOTE
Target audience note 350<br/>
Source Lexile<br/>
521 8# - TARGET AUDIENCE NOTE
Target audience note G<br/>
Source Raz-Plus<br/>
650 ## - SUBJECT ADDED ENTRY--TOPICAL TERM
Source of heading or term Energy consumption
Topical term or geographic name entry element Building sites
650 ## - SUBJECT ADDED ENTRY--TOPICAL TERM
Source of heading or term Power Resources
Topical term or geographic name entry element Interstate round 1
700 ## - ADDED ENTRY--PERSONAL NAME
Personal name Stratford, Nicolas
Dates associated with a name illustrator
942 ## - ADDED ENTRY ELEMENTS (KOHA)
Source of classification or shelving scheme Dewey Decimal Classification
Koha item type Books
Suppress in OPAC No
Holdings
Withdrawn status Lost status Source of classification or shelving scheme Damaged status Not for loan Collection Home library Current library Shelving location Date acquired Total Checkouts Full call number Barcode Date last seen Copy number Price effective from Koha item type
    Dewey Decimal Classification     Juvenile Fiction Footprints International School Library Network Toul Tom Poung Campus Footprints International School Library Network Toul Tom Poung Campus TTP Primary Green Bookshelves 08/01/2025   WHI 531.6 TJ163 .W49 FIS02872 08/01/2025 1 08/01/2025 Books
    Dewey Decimal Classification     Juvenile Fiction Footprints International School Library Network Toul Tom Poung Campus Footprints International School Library Network Toul Tom Poung Campus TTP Primary Green Bookshelves 08/27/2025   WHI 531.6 TJ163 .W49 FISTK02373 08/27/2025 2 08/27/2025 Books